000 01377naa a2200337 c 4500
999 _c50434
_d50434
001 50434
003 ES-MaCES
005 20171226151722.0
008 171226s2017 sp ||||| t||||||| ||spa d
040 _aES-MaCES
_bspa
_cES-MaCES
_dES-MaCES
100 1 _918774
_aMolina García, Mónica
245 1 3 _aLa impugnación de los estatutos de los sindicatos y de las asociaciones empresariales
_cMónica Molina García, Dulce María Cairós Barreto, Juan Miguel Díaz Rodríguez
650 4 _928377
_asindicato
650 4 _929453
_asindicalismo
650 4 _928379
_arepresentación de los trabajadores
650 4 _929924
_aderechos de los trabajadores
650 4 _929470
_aderechos sindicales
650 4 _927177
_alibertad sindical
650 4 _927308
_aasociación
650 4 _931559
_aorganizaciones empresariales
650 4 _930454
_aestatutos de un sindicato
650 4 _931120
_aimpugnación
650 4 _927165
_aderecho del trabajo
650 4 _927166
_alegislación del trabajo
653 1 0 _aRelaciones laborales-Empleo
700 1 _98673
_aCairós Barreto, Dulce María
700 1 _910720
_aDíaz Rodríguez, Juan Miguel
773 0 _986618
_aTreviño Pascula, Mariano
_dGranada Comares 2017
_o089515
_tSindicalismo y democracia
_w(ES-MaCES)49994
_z9788490455302
_gp.273-288. - SR-6.0.1.-39
902 _aARL Artículo de libro
942 _2CES
_cAR
_h2.0.